01503nam a2200277Ia 4500001000900000003000500009005001700014007000300031008004100034010001100075040001800086050002000104082002700124110004800151245011000199250001800309264008600327300007900413500005000492520047100542650005101013650004101064650005001105650004101155700002901196dia_1598CHAP20230523121628.0ta220117s1975 mduado fr 001 0 eng d a172143 cCHAPamxchpua10aS587b.O34 197500a630.243 bO34 19752201 aAssociation of Official Analytical Chemists10aOfficial methods of analysis of the Association of Official Analytical Chemists /ceditor William Horwitz a12a edición aEstados Unidos de América :bAssociation of Official Analytical Chemists,c1975 axxi, 1094 páginas :bilustraciones, gráficas, diagramas, tablas, fotos aEl ejemplar 2 es el suplemento del ejemplar 12 aOfficial Methods of Analysis of AOAC INTERNATIONALSM (OMA) is the most comprehensive and reliable collection of chemical and microbiological methods and consensus standards available. Many Official Methods have been adopted as harmonized international reference methods by the International Organization for Standardization (ISO), International Dairy Federation (IDF), International Union of Pure and Applied Chemistry (IUPAC), and the Codex Alimentarius Commission.13aQuímica agrícolaxTécnicaxColecciones 13aQuímica analíticaxColecciones 13aAgricultural chemistryxTecniquexPeriodicals13aChemistry, analiticalxPeriodicals 1 aHorwitz, Williameeditor